| 000 | 00578nam a2200229Ia 4500 | ||
|---|---|---|---|
| 003 | GCL | ||
| 005 | 20240530110923.0 | ||
| 008 | 140319s1988 xxkae 000 0 eng d | ||
| 020 | _a0706367235 | ||
| 040 |
_aGCL / _cGCL |
||
| 082 | 0 | 4 |
_a747.77/ _bW C |
| 110 | 1 | _aWard Lock | |
| 245 | 1 | 0 |
_aCreative Home Decorating / _cWard Lock |
| 260 |
_aLondon : _bWard Lock ، _c.1988 |
||
| 300 |
_a96 P. : _bill ; _c30 cm. |
||
| 490 | 0 | _aCreating a Home | |
| 650 | 0 | 4 | _aARTS |
| 650 | 0 | 4 | _a ART DECORATION |
| 650 | 0 | 4 | _aINTERIOR DESIGN |
| 650 | 0 | 4 | _a HOME DECORATING |
| 942 |
_2ddc _cBK |
||
| 999 |
_c66517 _d66517 |
||